<?xml version="1.0" encoding="UTF-8"?>
<marc:record xmlns:marc="http://www.loc.gov/MARC21/slim">
   <marc:leader>00000nam a2200000 a 4500</marc:leader>
   <marc:datafield ind1="1" ind2=" " tag="100">
      <marc:subfield code="a">Vitek, Michael</marc:subfield>
      <marc:subfield code="4">aut</marc:subfield>
      <marc:subfield code="e">Verfasser/-in</marc:subfield>
   </marc:datafield>
   <marc:datafield ind1="0" ind2="0" tag="245">
      <marc:subfield code="a">Kreuzschmerzen loswerden, Depressionen &amp; Panikattacken besiegen</marc:subfield>
   </marc:datafield>
   <marc:datafield ind1="0" ind2="0" tag="245">
      <marc:subfield code="b">mit der Waving-Methode</marc:subfield>
   </marc:datafield>
   <marc:datafield ind1="0" ind2="0" tag="245">
      <marc:subfield code="c">Michael Vitek</marc:subfield>
   </marc:datafield>
   <marc:datafield ind1=" " ind2="1" tag="264">
      <marc:subfield code="a">Wien</marc:subfield>
      <marc:subfield code="b">Verlagshaus der Ärzte</marc:subfield>
      <marc:subfield code="c">2019</marc:subfield>
   </marc:datafield>
   <marc:datafield ind1="1" ind2=" " tag="520">
      <marc:subfield code="a">Angaben aus der Verlagsmeldung

Kreuzschmerzen behandeln : mit dem Waving-Prinzip / von Michael Vitek

Rückenschmerzen sind im Begriff die Volkskrankheit Nummer 1 zu werden.
Die Kurzhälse sind unter uns: Schultern vor lauter Stress nach oben gezogen, Nacken verspannt, Mundwinkel unten. Untrügliche Zeichen von zu viel Arbeit, Stress und Frust. Die alltägliche Konsequenz von psychischer Belastung in Kombination mit Bewegungsmangel und Übergewicht sind Schmerzen im Rücken. Wer mit den landläufig bekannten Behandlungen aufgrund ihrer Nebenwirkungen (Medikamente) oder ihrer Wirkungslosigkeit (passive Anwendungen) nicht glücklich wird, erfährt in diesem Buch, wie er seine Schmerzen mit einer neuen Methode in den Griff bekommt: Waving. Nützen Sie die enorme Kraft der Psyche und der Atmung und kombinieren Sie beides mit einfachen und langsamen Übungen.
</marc:subfield>
   </marc:datafield>
   <marc:datafield ind1=" " ind2=" " tag="020">
      <marc:subfield code="a">9783990522059</marc:subfield>
      <marc:subfield code="9">9783990522059</marc:subfield>
   </marc:datafield>
   <marc:datafield ind1=" " ind2=" " tag="020">
      <marc:subfield code="a">3990522051</marc:subfield>
      <marc:subfield code="9">3990522051</marc:subfield>
   </marc:datafield>
   <marc:datafield ind1=" " ind2=" " tag="041">
      <marc:subfield code="a">ger</marc:subfield>
   </marc:datafield>
   <marc:datafield ind1=" " ind2=" " tag="300">
      <marc:subfield code="a">152 Seiten</marc:subfield>
   </marc:datafield>
</marc:record>
